NBA Knowledge - Statistics

General Stats
  • This quiz has been taken 1,378 times
  • The average score is 4 of 10
Answer Stats
Hint Answer % Correct
Went off for 37 in a quarter Klay Thompson
92%
MVP last year/season Kevin Durant
73%
Steve Kerr coaches Golden State Warriors
71%
Lob City LA Clippers
62%
The Greek Freak Giannis Antetokounmpo
53%
Runners up in the Playoffs Miami Heat
37%
Winner of last years Dunk Contest John Wall
19%
Half Mannible Half Mannamazing Kenneth Faried
15%
Who does Jeff Green now play for? Memphis Grizzlies
14%
Traded to Houston due to poor perfomance Josh Smith
5%
No matching quizzes found
Score Distribution
Percent of People with Each Score
Percentile by Number Answered
Your Score History
You have not taken this quiz